मूल्यशिक्षण मार्गदीपिका: सर्वधर्मसहिष्णुता, राष्ट्रभक्‍ती, राष्ट्रीय एकात्मता (भाग ३ रा) (Record no. 495025)

MARC details
000 -LEADER
fixed length control field 00837nam a22001817a 4500
003 - CONTROL NUMBER IDENTIFIER
control field OSt
005 - DATE AND TIME OF LATEST TRANSACTION
control field 20120302151629.0
008 - FIXED-LENGTH DATA ELEMENTS--GENERAL INFORMATION
fixed length control field 091117t xxu||||| |||| 00| 0 eng d
020 ## - INTERNATIONAL STANDARD BOOK NUMBER
International Standard Book Number 81-87003-02-2
035 ## - SYSTEM CONTROL NUMBER
System control number १६५९३
040 ## - CATALOGING SOURCE
Transcribing agency मराठी
100 ## - MAIN ENTRY--PERSONAL NAME
Personal name रानडे, श्रीराम
9 (RLIN) 10313
245 ## - TITLE STATEMENT
Title मूल्यशिक्षण मार्गदीपिका: सर्वधर्मसहिष्णुता, राष्ट्रभक्‍ती, राष्ट्रीय एकात्मता (भाग ३ रा)
260 ## - PUBLICATION, DISTRIBUTION, ETC. (IMPRINT)
Place of publication, distribution, etc पुणे
Name of publisher, distributor, etc अतुल
Date of publication, distribution, etc १९९८
300 ## - PHYSICAL DESCRIPTION
Other physical details ८६ पाने
700 ## - ADDED ENTRY--PERSONAL NAME
Personal name कोलटकर, शीला/ वैद्य, मृणाल / देशपांडे,कृ. पं. संपा.
9 (RLIN) 10314
942 ## - ADDED ENTRY ELEMENTS (KOHA)
Source of classification or shelving scheme Dewey Decimal Classification
Koha item type Book
Holdings
Withdrawn status Lost status Source of classification or shelving scheme Damaged status Not for loan Home library Current library Date acquired Cost, normal purchase price Total Checkouts Full call number Barcode Date last seen Price effective from
    Dewey Decimal Classification     Dr. Bedekar Vidya Mandir Library Dr. Bedekar Vidya Mandir Library 11/17/2009 0.00   M370.13/DES 16593 03/19/2010 03/19/2010